Twentieth-century English : history, variation, and standardization
Αποθηκεύτηκε σε:
| Κύριος συγγραφέας: | |
|---|---|
| Μορφή: | Βιβλίο |
| Γλώσσα: | English |
| Δημοσίευση: |
Cambridge :
Cambridge University Press,
2006, 2007
|
| Σειρά: | Studies in English language
|
| Θέματα: | |
| Ετικέτες: |
Προσθήκη ετικέτας
Δεν υπάρχουν, Καταχωρήστε ετικέτα πρώτοι!
|
MARC
| LEADER | 00000nam a2200000 i 4500 | ||
|---|---|---|---|
| 001 | 1/80219 | ||
| 008 | 080403r20072006 eng d | ||
| 020 | |a 978-0-521-83219-9 (hbk) | ||
| 035 | |l 10096159 | ||
| 040 | |a GR-MY-UA |b gre |e aacr | ||
| 041 | 0 | |a eng | |
| 082 | 0 | |a 420.904 |2 (22) | |
| 100 | 1 | |a Mair, Christian. | |
| 245 | 1 | 0 | |a Twentieth-century English : |b history, variation, and standardization / |c Christian Mair |
| 260 | |a Cambridge : |b Cambridge University Press, |c 2006, 2007 | ||
| 300 | |a xvi, 244 σ.; |b πίν. ; |c 23 εκ. | ||
| 490 | 1 | |a Studies in English language | |
| 504 | |a Βιβλιογραφία: σ. 231-241 | ||
| 504 | |a Ευρετήριο: σ. 242-244 | ||
| 650 | 0 | 0 | |a English language |y 20th century. |
| 650 | 0 | 0 | |a English language |x Standardization. |
| 650 | 0 | 0 | |a English language |x Variation. |
| 650 | 0 | 0 | |a Linguistic change |x History |y 20th century. |
| 830 | 0 | |a Studies in English language | |
| 852 | |a INST |b LESVOS |e 20080403 |h 420.904 MAI |p 005100042418 |q 005100042418 |t BK |y 0 | ||
| 901 | |a BIBL1-2008-1 | ||
| 909 | |a Λ |b 144087 | ||
| 922 | |a 1ΕΛΗ |b 200801 |c ΕΠΕΑΕΚ2/ΤΚΑ |d 200801 | ||
| 970 | |a ΧΑΤΖΗΜΙΧΑΗΛ |b ΜΑΡΙΑ |z 2008/04/03 | ||